000
00270nam a2200097Ia 4500
001
647596
005
20250826153705.0
008
250824s9999 xx 000 0 und d
245
0
_a
BEYAZ DİŞ ANTİK OKUL KLASİKLERİ
_c
JACK LONDON
260
_b
ANTİK DÜNYA KLASİKLERİ
999
_c
647596
_d
647596